Efektivní týmová spolupráce
Pokračovanie článku z predchádzajúceho čísla o tímovej spolupráci v pracovnom kolektíve. Spoločné ciele, zodpovednosť, právomoci, rozdelenie úloh a komunikácia členov pracovného tímu.
Salvato in:
| Autore principale: | |
|---|---|
| Natura: | Capitolo di libro |
| Lingua: | ceco |
| Soggetti: | |
| Tags: |
Nessun Tag, puoi essere il primo ad aggiungerne!!
|
MARC
| LEADER | 00000naa a2200000 4500 | ||
|---|---|---|---|
| 001 | 0158483 | ||
| 005 | 20231211073525.1 | ||
| 041 | 0 | |a cze | |
| 044 | |a CZ | ||
| 245 | 1 | 0 | |a Efektivní týmová spolupráce |c Zuzana Šlapalová Čempelová |
| 520 | |a Pokračovanie článku z predchádzajúceho čísla o tímovej spolupráci v pracovnom kolektíve. Spoločné ciele, zodpovednosť, právomoci, rozdelenie úloh a komunikácia členov pracovného tímu. | ||
| 610 | 2 | 0 | |a kolektív pracovný |
| 610 | 2 | 0 | |a organizácia pracoviska |
| 610 | 2 | 0 | |a proces pracovný |
| 610 | 2 | 0 | |a tímy pracovné |
| 610 | 2 | 0 | |a zodpovednosť vzájomná |
| 100 | 1 | |a Šlapalová Čempelová, Zuzana | |